[Event "37th Olympiad"]
[Site "Turin ITA"]
[Date "2006.05.22"]
[Round "2"]
[White "Sasikiran,K"]
[Black "Antoniou,A"]
[Result "1-0"]
[WhiteElo "2692"]
[BlackElo "2188"]
[EventDate "2006.05.21"]

1. d4 Nf6 2. c4 e6 3. Nc3 Bb4 4. e3 b6 5. Nge2 Bb7 6. a3 Bxc3+ 7. Nxc3 O-O
8. Bd3 d6 9. O-O e5 10. d5 Qe7 11. e4 h6 12. Ne2 a5 13. Ng3 Bc8 14. h3 Bd7
15. Bd2 a4 16. Bc2 Qe8 17. f4 Na6 18. Bc3 Nh7 19. fxe5 dxe5 20. d6 Rc8 21.
Nf5 Kh8 22. Ne7 Rd8 23. Bxe5 Be6 24. Bxa4 1-0

[Event "37th Olympiad"]
[Site "Turin ITA"]
[Date "2006.05.23"]
[Round "3"]
[White "Harikrishna,P"]
[Black "Bayarmandah,B"]
[Result "1-0"]
[WhiteElo "2680"]
[BlackElo "2042"]
[EventDate "2006.05.21"]

1. d4 Nf6 2. c4 e6 3. Nc3 Bb4 4. e3 O-O 5. Nge2 d5 6. a3 Be7 7. cxd5 exd5
8. g3 c6 9. Bg2 Nbd7 10. O-O Re8 11. Kh1 Bf8 12. f3 Nb6 13. e4 dxe4 14.
fxe4 Bg4 15. Qc2 Qd7 16. e5 Nfd5 17. Ne4 h6 18. Ng1 Rad8 19. Bd2 Qc8 20.
Rae1 Be6 21. Nf3 Bf5 22. Nh4 Be6 23. Bc1 Kh8 24. g4 Bxg4 25. Rxf7 Be6 26.
Nf6 Nxf6 27. Ng6+ Kg8 28. Rxf8+ Rxf8 29. Ne7+ Kh8 30. Nxc8 Ng4 31. Nxb6
axb6 32. h3 Nf2+ 33. Kh2 Rf5 34. Be3 Nxh3 35. Bxh3 Rh5 36. Qg6 Rxh3+ 37.
Kg2 Bd7 38. Qd6 Rh4 39. Qe7 Rg4+ 40. Kf3 1-0

[Event "37th Olympiad"]
[Site "Turin ITA"]
[Date "2006.05.27"]
[Round "6"]
[White "Sasikiran,K"]
[Black "Jussupow,Ar"]
[Result "1/2-1/2"]
[WhiteElo "2692"]
[BlackElo "2608"]
[EventDate "2006.05.21"]

1. d4 Nf6 2. c4 e6 3. g3 Bb4+ 4. Nd2 d5 5. Bg2 O-O 6. Ngf3 b6 7. O-O Bb7 8.
a3 Be7 9. b4 Nbd7 10. Rb1 dxc4 11. Nxc4 Be4 12. Rb2 c5 13. Bf4 Nd5 14. Bd6
b5 15. Bxe7 Qxe7 16. Ncd2 Bxf3 17. Nxf3 cxb4 18. axb4 Nxb4 19. Nd2 Rac8 20.
Qa1 Nb6 21. Qa3 N4d5 22. Qxe7 Nxe7 23. Ra1 Rc7 24. Ne4 Rfc8 25. Rbb1 Nf5
26. e3 Nc4 27. Ra6 Rb8 28. Bf1 Rb6 29. Rxb6 Nxb6 30. Rxb5 Kf8 31. Ra5 Ke7
32. Bd3 h6 33. h4 Nd6 34. Nc5 Nd7 35. Nxd7 Kxd7 36. Kg2 Nc8 1/2-1/2

[Event "36th Olympiad"]
[Site "Calvia ESP"]
[Date "2004.10.16"]
[Round "1"]
[White "Rodriguez,And URU"]
[Black "Sasikiran,K"]
[Result "1/2-1/2"]
[WhiteElo "2533"]
[BlackElo "2668"]
[EventDate "2004.10.15"]

1. e4 e5 2. Nf3 Nc6 3. Bc4 Bc5 4. c3 Nf6 5. d3 a6 6. h3 d6 7. Bb3 Ba7 8.
Nbd2 Ne7 9. Nf1 Ng6 10. Ng3 O-O 11. O-O Be6 12. d4 Re8 13. dxe5 Nxe5 14.
Nxe5 Bxb3 15. Qxb3 Rxe5 16. Qxb7 Bb6 17. Qc6 Qe8 18. Qxe8+ Raxe8 19. Bf4
R5e6 20. Rfe1 Nxe4 21. Nxe4 Rxe4 22. Kf1 Kf8 23. Bg3 R4e6 1/2-1/2

[Event "36th Olympiad"]
[Site "Calvia ESP"]
[Date "2004.10.17"]
[Round "2"]
[White "Gonzalez,Be CRC"]
[Black "Sasikiran,K"]
[Result "0-1"]
[WhiteElo "2423"]
[BlackElo "2668"]
[EventDate "2004.10.15"]

1. e4 c6 2. d4 d5 3. exd5 cxd5 4. Bd3 Nc6 5. c3 Qc7 6. Ne2 Bg4 7. f3 Bd7 8.
Bf4 e5 9. Bg3 Bd6 10. Na3 a6 11. Nc2 Nge7 12. O-O h5 13. dxe5 Nxe5 14. Bxe5
Bxe5 15. f4 Bd6 16. Ncd4 h4 17. Kh1 Rh6 18. b4 Kf8 19. Qd2 Re8 20. f5 Ng8
21. Nf4 Nf6 22. Rac1 b5 23. a3 Kg8 24. Bb1 Bc8 25. Bd3 Bb7 26. h3 Re5 27.
Rf2 Qe7 28. Rcf1 Bc7 29. Re2 Ne4 30. Bxe4 dxe4 31. Qe3 Bb6 32. Rd2 Bxd4 33.
Rxd4 Rxf5 34. Rfd1 Qg5 0-1

[Event "36th Olympiad"]
[Site "Calvia ESP"]
[Date "2004.10.17"]
[Round "3.11"]
[White "Antonio, Rogelio"]
[Black "Harikrishna, Pentala"]
[Result "1/2-1/2"]
[WhiteElo "2524"]
[BlackElo "2612"]
[PlyCount "52"]
[EventDate "2004.10.15"]

1. e4 e5 2. Nf3 Nc6 3. Bb5 Nf6 4. d3 d6 5. c3 Bd7 6. Nbd2 g6 7. Nf1 Bg7 8. Ng3
O-O 9. O-O Qe8 10. Re1 Rd8 11. Ba4 Nd4 12. cxd4 Bxa4 13. b3 Bb5 14. Bb2 c5
15. a4 Ba6 16. b4 cxb4 17. Qb3 Nd7 18. Qxb4 Bxd3 19. Qxd6 exd4 20. Qa3 Ba6 21.
Bxd4 Bxd4 22. Nxd4 Ne5 23. Nb5 Nd3 24. Red1 Qe5 25. Rab1 Nf4 26. Qe3 Bxb5
1/2-1/2

[Event "36th Olympiad"]
[Site "Calvia ESP"]
[Date "2004.10.17"]
[Round "3.11"]
[White "Ganguly, Surya Shekhar"]
[Black "Paragua, Mark"]
[Result "1-0"]
[WhiteElo "2559"]
[BlackElo "2534"]
[PlyCount "103"]
[EventDate "2004.10.15"]

1. e4 c5 2. Nf3 d6 3. d4 cxd4 4. Nxd4 Nf6 5. Nc3 a6 6. Be2 e5 7. Nb3 Be7 8. Bg5
O-O 9. Bxf6 Bxf6 10. Qd3 Nc6 11. O-O-O Be7 12. Nd5 Be6 13. Kb1 Bg5 14. g3 a5
15. h4 Bf6 16. c3 a4 17. Nd2 a3 18. b3 Bxd5 19. exd5 Nb8 20. g4 Nd7 21. Ne4 Be7
22. g5 Rc8 23. Bg4 Nc5 24. Nxc5 Rxc5 25. Bf5 g6 26. Be4 Qc7 27. Rh3 Rc8 28. Rc1
Qd7 29. f4 exf4 30. h5 f3 31. Rxf3 Bxg5 32. hxg6 fxg6 33. Bxg6 Qg7 34. Rg3
Qxg6 35. Qxg6+ hxg6 36. Rxg5 Kg7 37. Rcg1 Rxc3 38. Rxg6+ Kf7 39. Rg7+ Kf6 40.
Rxb7 Rc2 41. Ra7 Rb2+ 42. Ka1 Rg2 43. Re1 Re2 44. Rf1+ Kg5 45. Rxa3 Rd2 46. b4
Kg4 47. Ra5 Rc4 48. Ra8 Kg3 49. Rb1 Rxd5 50. b5 Rcc5 51. b6 Rb5 52. Rxb5 1-0

[Event "36th Olympiad"]
[Site "Calvia ESP"]
[Date "2004.10.17"]
[Round "3.11"]
[White "Senador, Emmanuel"]
[Black "Kunte, Abhijit"]
[Result "0-1"]
[WhiteElo "2432"]
[BlackElo "2550"]
[PlyCount "92"]
[EventDate "2004.10.15"]

1. e4 e5 2. Nf3 Nc6 3. Bb5 Nf6 4. d3 d6 5. c3 Bd7 6. Nbd2 g6 7. d4 Bg7 8. O-O
O-O 9. dxe5 Nxe5 10. Qa4 Nxf3+ 11. Nxf3  Nxe4 12. Bxd7 Nc5 13. Bg5
Qxd7 14. Qh4 Rae8 15. Rae1 Rxe1 16. Rxe1 Re8 17. Rxe8+ Qxe8 18. Be3 Ne6 19. Ng5
Nxg5 20. Qxg5 a6 21. h3 h5 22. Qh4 c5 23. Qg5 Qd7 24. g4 hxg4 25. hxg4 b6 26.
f4 d5 27. f5 d4 28. Bd2 dxc3 29. bxc3 Qd6 30. fxg6 Qxg6 31. Qd8+ Bf8 32. g5
Qb1+ 33. Kg2 Qxa2 34. Kf3 Qe6 35. Bf4 b5 36. Qa8 b4 37. cxb4 cxb4 38. Qb7 a5
39. Qb5 Qb3+ 40. Be3 a4 41. g6 fxg6 42. Qc6 Qf7+ 43. Kg2 a3 44. Bd4 b3 45. Qb5
Qe6 46. Bc3 b2 0-1

[Event "36th Olympiad"]
[Site "Mallorca ESP"]
[Date "2004.10.18"]
[Round "4.6"]
[White "Sandipan, Chanda"]
[Black "Novikov, Igor A"]
[Result "0-1"]
[WhiteElo "2543"]
[BlackElo "2588"]
[PlyCount "90"]
[EventDate "2004.10.15"]

1. e4 c5 2. Nf3 d6 3. d4 cxd4 4. Nxd4 Nf6 5. Nc3 a6 6. Be3 e6 7. f3 b5 8. g4 h6
9. Qd2 Nbd7 10. O-O-O Bb7 11. h4 b4 12. Na4 Qa5 13. b3 Rc8 14. Bh3 Ne5 15. g5
Nfd7 16. Kb1 g6 17. Nb2 Nc5 18. Bg2 hxg5 19. hxg5 Rxh1 20. Rxh1 Bg7 21. Rh7 Bf8
22. a3 Qxa3 23. f4 Nxe4 24. Bxe4 Bxe4 25. fxe5 dxe5 26. Qf2 f5 27. Nxe6
Rxc2 28. Qxc2 Qxb3 29. Nc7+ Kd8 30. Qxe4 fxe4 31. Bb6 Kc8 32. Nxa6 Bd6 33. Bc5
Qa3 34. Bxd6 Qxa6 35. Bxb4 Qf1+ 36. Ka2 e3 37. Re7 Qb5 38. Be1 e2 39. Kb1 Qd5
40. Bg3 Qe4+ 41. Ka2 e1=Q 42. Bxe1 Qxe1 43. Rg7 Qe4 44. Kb3 Qf3+ 45. Kb4 Qf8+
0-1

[Event "36th Olympiad"]
[Site "Calvia ESP"]
[Date "2004.10.19"]
[Round "5"]
[White "Ganguly,S"]
[Black "Sargissian,G"]
[Result "1-0"]
[WhiteElo "2559"]
[BlackElo "2611"]
[EventDate "2004.10.15"]

1. e4 e5 2. Nf3 Nc6 3. Bb5 a6 4. Ba4 Nf6 5. O-O Be7 6. Re1 b5 7. Bb3 O-O 8.
d4 d6 9. c3 Bg4 10. Be3 Bd7 11. Bc2 Ng4 12. Bc1 Bh4 13. Rf1 f5 14. d5 Na5
15. exf5 Bxf5 16. Bxf5 Rxf5 17. Qd3 Qf6 18. Qe4 Bxf2+ 19. Rxf2 Nxf2 20.
Kxf2 Qf7 21. b3 c6 22. c4 bxc4 23. bxc4 cxd5 24. cxd5 Rc8 25. Nbd2 Nb7 26.
Nb3 a5 27. Be3 a4 28. Nbd2 Nc5 29. Bxc5 Rxc5 30. Rb1 Rc8 31. g3 h6 32. Kg2
Rf6 33. Rb4 Qc7 34. Rxa4 Qc2 35. Rc4 Rxc4 36. Qxc4 Qb2 37. Qb3 Qxb3 38.
axb3 Rf8 39. Ne4 Rb8 40. Nxd6 Rb6 41. Nc4 Rxb3 42. Nfxe5 1-0

[Event "36th Olympiad"]
[Site "Calvia ESP"]
[Date "2004.10.20"]
[Round "6"]
[White "Anand,V"]
[Black "Van Wely,L"]
[Result "1-0"]
[WhiteElo "2781"]
[BlackElo "2681"]
[EventDate "2004.10.15"]

1. e4 c5 2. Nf3 Nc6 3. d4 cxd4 4. Nxd4 Nf6 5. Nc3 e5 6. Ndb5 d6 7. Bg5 a6
8. Na3 b5 9. Bxf6 gxf6 10. Nab1 Bg7 11. g3 O-O 12. Bg2 Ne7 13. Nd5 Nxd5 14.
Qxd5 Be6 15. Qd2 Rc8 16. O-O f5 17. exf5 Bxf5 18. Nc3 Rc4 19. Rad1 Bg4 20.
Ne2 Qc7 21. c3 b4 22. h3 bxc3 23. bxc3 Be6 24. Qxd6 Qxd6 25. Rxd6 Ra4 26.
g4 h5 27. gxh5 Rxa2 28. Ng3 e4 29. Nxe4 Be5 30. Rc6 Rc8 31. Rxc8+ Bxc8 32.
f4 Bc7 33. Nf6+ Kf8 34. h6 Re2 35. Nh7+ Kg8 36. Ng5 f6 37. Bd5+ Kh8 38. h4
Bf5 39. Kh1 Bb6 40. Nf7+ Kh7 41. h5 Bc5 42. Ra1 Bd3 43. c4 Bd4 44. Rd1 Be4+
45. Bxe4+ Rxe4 46. c5 Rxf4 47. c6 Bb6 48. Rb1 Ba5 49. Kg2 Rh4 50. Kf3 Rxh5
51. Rg1 Rh3+ 52. Ke2 Rh2+ 53. Kd3 Rh3+ 54. Kc4 Rh4+ 55. Kd5 1-0

[Event "36th Olympiad"]
[Site "Calvia ESP"]
[Date "2004.10.20"]
[Round "6"]
[White "Ganguly,S"]
[Black "Van den Doel,E"]
[Result "1-0"]
[WhiteElo "2559"]
[BlackElo "2560"]
[EventDate "2004.10.15"]

1. e4 e5 2. Nf3 Nc6 3. Bb5 Nf6 4. O-O Nxe4 5. d4 Nd6 6. Ba4 e4 7. Re1 Be7
8. Ne5 O-O 9. Nc3 Nf5 10. Rxe4 Nfxd4 11. Nxc6 Nxc6 12. Nd5 Bf6 13. Qf3 Be5
14. Qh5 d6 15. Bg5 f6 16. Bd2 g6 17. Qh6 Bf5 18. Re3 Ne7 19. Nxe7+ Qxe7 20.
c3 d5 21. f4 Qc5 22. fxe5 fxe5 23. b4 Qb6 24. Qg5 a5 25. Bb3 c6 26. bxa5
Rxa5 27. c4 Rc5 28. cxd5 cxd5 29. Kh1 e4 30. Bc3 1-0

[Event "36th Olympiad"]
[Site "Calvia ESP"]
[Date "2004.10.20"]
[Round "6"]
[White "Nijboer,F"]
[Black "Kunte,A"]
[Result "1/2-1/2"]
[WhiteElo "2567"]
[BlackElo "2550"]
[EventDate "2004.10.15"]

1. e4 e5 2. Nf3 Nc6 3. Bb5 Nf6 4. O-O Nxe4 5. d4 Nd6 6. Bxc6 dxc6 7. dxe5
Nf5 8. Qxd8+ Kxd8 9. Nc3 Bd7 10. Rd1 Kc8 11. Ng5 Be8 12. b3 b6 13. Bb2 Be7
14. Nge4 Kb7 15. Rd3 Rd8 16. Rxd8 Bxd8 17. Rd1 Kc8 18. g3 Bd7 19. Ne2 c5
20. c4 Re8 21. f3 Bc6 22. Kf2 a5 23. a4 Be7 24. N4c3 Nd4 25. Nxd4 cxd4 26.
Ne2 Bc5 27. Bxd4 Rxe5 28. Bxc5 Rxc5 29. Nd4 Bd7 30. Re1 Kd8 31. f4 Rh5 32.
Nf3 Rh6 33. h4 Re6 34. Rd1 f6 35. Rd5 Ke7 36. Nd4 Rd6 37. Nf5+ Bxf5 38.
Rxf5 g6 39. Rb5 c5 40. b4 axb4 41. Ke3 Ke6 42. g4 h5 43. f5+ gxf5 44. gxh5
Ke5 45. a5 f4+ 46. Kf3 Rd3+ 47. Ke2 Re3+ 48. Kf2 bxa5 49. Rxc5+ Kd4 50.
Rxa5 Kxc4 51. h6 Re7 52. Rf5 b3 53. Rxf4+ Kc3 54. Rxf6 Rb7 55. Kg3 b2 56.
Rf1 Rh7 57. Rf3+ Kc2 58. Rf2+ Kb3 59. Rxb2+ Kxb2 60. Kg4 Rxh6 61. Kg5
1/2-1/2

[Event "36th Olympiad"]
[Site "Calvia ESP"]
[Date "2004.10.22"]
[Round "7"]
[White "Harikrishna,P"]
[Black "Eljanov,P"]
[Result "1/2-1/2"]
[WhiteElo "2612"]
[BlackElo "2629"]
[EventDate "2004.10.15"]

1. Nf3 Nf6 2. c4 e6 3. g3 d5 4. Bg2 dxc4 5. Qa4+ Nbd7 6. Qxc4 c5 7. O-O b6
8. d4 Bb7 9. Nc3 a6 10. dxc5 Bxc5 11. Bg5 O-O 12. Rad1 Qc8 13. Qf4 h6 14.
Bxf6 Nxf6 15. Rc1 Qb8 16. Qxb8 Raxb8 17. Na4 Bd6 18. Nd4 b5 19. Nc5 Bxc5
20. Rxc5 Rfd8 21. e3 Bxg2 22. Kxg2 Ne4 23. Rc2 Rd7 24. Rfc1 e5 25. Nc6 Re8
26. Kf3 Ng5+ 27. Ke2 f6 28. Nb4 a5 29. Rc8 Rxc8 30. Rxc8+ Kf7 31. Nd3 Ne6
32. Nc5 Rd5 33. Ne4 b4 34. Ra8 Ng5 35. Nd2 Rc5 36. f4 exf4 37. exf4 Ne6 38.
b3 Nd4+ 39. Kd3 Nc6 40. Nc4 Ke6 41. Ke4 f5+ 42. Ke3 Ke7 43. Rg8 Kf6 44. Ra8
Ke7 45. Rc8 a4 46. Rc7+ Kf6 47. h4 g5 48. fxg5+ hxg5 49. h5 axb3 50. axb3
f4+ 51. Kf2 Ne5 52. Rxc5 Nd3+ 53. Kf3 Nxc5 54. gxf4 gxf4 55. Kxf4 Nxb3 56.
Ne3 Nc5 1/2-1/2

[Event "36th Olympiad"]
[Site "Calvia ESP"]
[Date "2004.10.23"]
[Round "8"]
[White "Sasikiran,K"]
[Black "Vallejo Pons,F"]
[Result "1/2-1/2"]
[WhiteElo "2668"]
[BlackElo "2678"]
[EventDate "2004.10.15"]

1. Nf3 Nf6 2. c4 b6 3. g3 c5 4. Bg2 Bb7 5. O-O e6 6. Nc3 Be7 7. Re1 Ne4 8.
Nxe4 Bxe4 9. d3 Bb7 10. e4 O-O 11. d4 cxd4 12. Nxd4 a6 13. b3 Nc6 14. Bb2
Qc7 15. Qg4 f6 16. Rad1 Rf7 17. h4 Bc5 18. Re2 b5 19. cxb5 Nxd4 20. Bxd4
Bxd4 21. Rxd4 axb5 22. Red2 Bc6 23. Rc2 Qe5 24. Qd1 g5 25. h5 Kg7 26. Qd2
Ra6 27. Qe3 Qb8 28. Rdd2 Kh6 29. Qe2 Qe5 30. Kh2 Rg7 31. Qe3 Qb8 32. Rc5
Qe8 33. Bf3 Qa8 34. Rcc2 Rf7 35. Bg2 Kxh5 36. f4 Kg6 37. fxg5 fxg5 38. Qd4
Qa7 39. Qh8 Qa8 40. Qd4 Qf8 41. Rf2 Ra8 42. Rxf7 Qxf7 43. Rf2 Qe7 44. e5
1/2-1/2

[Event "36th Olympiad"]
[Site "Calvia ESP"]
[Date "2004.10.24"]
[Round "9"]
[White "Zvjaginsev,V"]
[Black "Ganguly,S"]
[Result "1-0"]
[WhiteElo "2650"]
[BlackElo "2559"]
[EventDate "2004.10.15"]

1. e4 e5 2. Nf3 Nc6 3. Bb5 Nf6 4. d3 Bc5 5. Bxc6 dxc6 6. Be3 Qd6 7. Bxc5
Qxc5 8. Nc3 Be6 9. Qd2 h6 10. O-O O-O 11. h3 Rad8 12. Rad1 Rfe8 13. Rfe1
Bc8 14. a3 Nh5 15. Ne2 Re6 16. Qb4 Qe7 17. d4 exd4 18. Nexd4 Qxb4 19. axb4
Ree8 20. c3 Nf4 21. Kh2 Rd7 22. g4 Rde7 23. Ne2 Nxe2 24. Rxe2 f5 25. Kg3
fxe4 26. Rde1 c5 27. bxc5 b6 28. cxb6 axb6 29. Nd2 Bb7 30. f3 e3 31. Ne4
Bxe4 32. Rxe3 Rd8 33. Rxe4 Rxe4 34. Rxe4 Kf7 35. Rd4 Rxd4 36. cxd4 Ke6 37.
Kf4 Kd5 38. Kf5 Kxd4 39. Kg6 c5 40. Kxg7 c4 41. Kxh6 b5 42. g5 b4 43. g6 c3
44. bxc3+ bxc3 45. g7 c2 46. g8=Q c1=Q+ 47. Qg5 Qa3 48. Qf4+ Kd3 49. Qe4+
Kd2 50. h4 Qf8+ 51. Kg5 Qg7+ 52. Kf4 Qc7+ 53. Kg4 Qg7+ 54. Kh3 Qf7 55. f4
Qb3+ 56. Kh2 Kc1 57. Qe1+ Kb2 58. Qf2+ Ka1 59. Qe1+ Ka2 60. Qe2+ Ka1 61. h5
Qc2 62. Qg2 Qf5 63. Qg8 Qxf4+ 64. Qg3 Qd2+ 65. Kh3 Qd7+ 66. Qg4 Qd3+ 67.
Kh4 Qd8+ 68. Kg3 Qd3+ 69. Qf3 Qd6+ 70. Kg4 Qd7+ 71. Qf5 Qd4+ 72. Qf4 Qg7+
73. Kh3 Qc3+ 74. Kh4 Qe1+ 75. Kg5 Qg1+ 76. Kf6 Qg8 77. h6 Qf8+ 78. Kg5 Qg8+
79. Kh4 Qg6 80. Qg5 Qe4+ 81. Qg4 Qh1+ 82. Kg5 Qd5+ 83. Qf5 Qg8+ 84. Kf4
Qc4+ 85. Kg5 Qg8+ 86. Qg6 Qd5+ 87. Kf6 Qd6+ 88. Kg7 Qe7+ 89. Kg8 Qd8+ 90.
Kh7 Qd5 91. Kg7 Qd7+ 92. Qf7 Qg4+ 93. Kh8 Kb1 94. Kh7 Kc1 95. Qg6 Qd7+ 96.
Kg8 Qd8+ 97. Kf7 Qd7+ 98. Kg8 Qd8+ 99. Kg7 Qe7+ 100. Qf7 Qg5+ 101. Kh7 Kd1
102. Qf8 Kc1 103. Qd6 Qf5+ 104. Kg7 Qg4+ 105. Kf7 Qf5+ 106. Ke8 Qc8+ 107.
Ke7 Qb7+ 108. Kd8 Qa8+ 109. Kd7 Qg8 110. Qf4+ Kb2 111. Qf5 Kc1 112. h7 Qg7+
113. Ke6 Kd1 114. Qh5+ 1-0

[Event "36th Olympiad"]
[Site "Calvia ESP"]
[Date "2004.10.25"]
[Round "10"]
[White "Dominguez,L"]
[Black "Sasikiran,K"]
[Result "1/2-1/2"]
[WhiteElo "2645"]
[BlackElo "2668"]
[EventDate "2004.10.15"]

1. e4 e5 2. Nf3 Nc6 3. Bb5 Nf6 4. O-O Nxe4 5. d4 Nd6 6. Bxc6 dxc6 7. dxe5
Nf5 8. Qxd8+ Kxd8 9. Nc3 Bd7 10. Rd1 Kc8 11. h3 h6 12. b3 Ne7 13. Bb2 b6
14. Ne2 Ng6 15. Rd2 Bb4 16. c3 Be7 17. Rad1 Rd8 18. c4 Nf8 19. Nfd4 g6 20.
Rd3 c5 21. Nc2 Bc6 22. Nc3 Rxd3 23. Rxd3 Ne6 24. Nd5 Bd8 25. g3 h5 26. h4
Ng7 27. Nce3 Bd7 28. f4 Be6 29. Kf2 Kb7 30. Kf3 a6 31. Nc3 Nf5 32. Nxf5
Bxf5 33. Rd2 Bg4+ 34. Ke4 Bf5+ 35. Kf3 Kc6 36. a4 Be7 37. Ke3 Be6 38. Kd3
Bf5+ 39. Ke2 Bg4+ 40. Kd3 Rd8+ 41. Ke3 Re8 42. Rd3 Bf5 43. Rd2 Bd8 44. Kf3
f6 45. Nd5 fxe5 46. Bxe5 b5 47. axb5+ axb5 48. Ne3 Be6 49. Ra2 Kb7 50. Ke4
Be7 51. Ra3 Bf8 52. Ra5 bxc4 53. bxc4 Bd6 54. Ra3 Bf7 55. Ra1 g5 56. hxg5
Bg6+ 57. Kd5 Bf7+ 58. Ke4 Bg6+ 59. Kd5 Bf7+ 1/2-1/2

[Event "36th Olympiad"]
[Site "Calvia ESP"]
[Date "2004.10.25"]
[Round "10"]
[White "Nogueiras,J"]
[Black "Kunte,A"]
[Result "1-0"]
[WhiteElo "2546"]
[BlackElo "2550"]
[EventDate "2004.10.15"]

1. Nf3 Nf6 2. d4 e6 3. Bf4 c5 4. e3 Nc6 5. c3 d5 6. Nbd2 Bd6 7. Bg3 O-O 8.
Bb5 Qe7 9. Bxc6 bxc6 10. Qa4 cxd4 11. cxd4 Bd7 12. Bxd6 Qxd6 13. O-O Rfb8
14. Qc2 Be8 15. Nb3 Nd7 16. Rfc1 Rb6 17. Nc5 Nf8 18. Na4 Rb7 19. Ne5 f6 20.
Nd3 Rc8 21. Qc3 Re7 22. f4 Ng6 23. Nac5 e5 24. fxe5 fxe5 25. Rf1 e4 26. Nf4
Nh4 27. Qe1 Qh6 28. Qg3 Nf5 29. Nxd5 cxd5 30. Rxf5 Bf7 31. Raf1 Qb6 32. Qf4
Rcc7 33. Rxd5 h6 34. Rd8+ Kh7 35. Qf5+ Bg6 36. Qf8 Bf7 37. b3 Kg6 38. Nxe4
Qa5 39. Nd6 Be6 40. h3 Qg5 41. Qf4 Qxf4 42. exf4 Bd7 43. f5+ Kh7 44. Nc4
Re2 45. d5 Bb5 46. d6 Rc5 47. Rf2 Re1+ 48. Kh2 Rd5 49. Ra8 a6 50. Ra7 Kg8
51. f6 gxf6 52. Rxf6 Rg5 53. Rf3 Re2 54. Rg3 Bc6 55. Rxg5+ hxg5 56. Kg1
Rxg2+ 57. Kf1 Rxa2 58. d7 Ra1+ 59. Ke2 Ra2+ 60. Nd2 Bxd7 61. Rxd7 a5 62.
Rd4 1-0

[Event "36th Olympiad"]
[Site "Calvia ESP"]
[Date "2004.10.25"]
[Round "10"]
[White "Sandipan,C"]
[Black "Arencibia,W"]
[Result "1/2-1/2"]
[WhiteElo "2543"]
[BlackElo "2516"]
[EventDate "2004.10.15"]

1. e4 e6 2. d4 d5 3. e5 c5 4. c3 Nc6 5. Nf3 Qb6 6. a3 Bd7 7. b4 cxd4 8.
cxd4 Rc8 9. Be3 Nh6 10. Bd3 Ng4 11. O-O Be7 12. Nbd2 Nxe3 13. fxe3 Nd8 14.
Qe2 Rc3 15. Rfb1 Ba4 16. Rc1 Rxc1+ 17. Rxc1 O-O 18. Nb1 f5 19. Nc3 Be8 20.
Qc2 Nf7 21. Ne2 g5 22. Qc7 Bd8 23. Qxb6 Bxb6 24. Rc8 Bd7 25. Rxf8+ Kxf8 26.
Kf2 Bd8 27. b5 h6 28. h3 h5 29. g3 g4 30. Nd2 Ng5 31. h4 Ne4+ 32. Ke1 Ke7
33. a4 Ba5 34. Bxe4 fxe4 35. Nf4 Be8 36. Ke2 Bb4 37. Nb3 b6 38. Kd1 Kd7 39.
Nc1 Bf7 40. Na2 Bf8 41. Kc2 Kc7 42. Kc3 Bh6 43. Nb4 Bxf4 44. exf4 Bg6 45.
f5 Bxf5 46. Kd2 Bg6 47. Ke3 Be8 48. Kf4 a5 49. Nc2 Kd8 50. Kg5 Ke7 51. Ne3
Bf7 52. Kh6 Kf8 53. Kg5 Ke7 54. Kf4 Be8 55. Nc2 Bf7 56. Na1 Be8 57. Nb3 Bf7
58. Ke3 1/2-1/2

[Event "36th Olympiad"]
[Site "Calvia ESP"]
[Date "2004.10.26"]
[Round "11"]
[White "Bluvshtein,M"]
[Black "Sasikiran,K"]
[Result "1/2-1/2"]
[WhiteElo "2502"]
[BlackElo "2668"]
[EventDate "2004.10.15"]

1. d4 Nf6 2. c4 g6 3. Nc3 d5 4. Qb3 dxc4 5. Qxc4 Bg7 6. e4 O-O 7. Be2 a6 8.
Bf4 Nc6 9. Nf3 Bg4 10. d5 Nh5 11. Be3 Ne5 12. Nxe5 Bxe2 13. Qxe2 Bxe5 14.
O-O Qd6 15. g3 f5 16. exf5 Rxf5 17. Rad1 Rd8 18. Ne4 Qb4 19. Bc5 Qxb2 20.
Rd2 Qb5 21. Qxb5 axb5 22. Bxe7 Re8 23. d6 cxd6 24. Bxd6 Re6 25. Bb4 Bc7 26.
f3 Bb6+ 27. Kg2 Nf6 28. Nxf6+ Rfxf6 29. Rc1 Rc6 30. Re1 Bc5 31. Bxc5 Rxc5
32. h4 Rf7 33. Re4 Rfc7 34. Kh3 Rc2 35. Rxc2 Rxc2 36. Re8+ Kf7 37. Rh8 h5
38. Rh7+ Kf6 39. Rxb7 Rxa2 40. Rxb5 Ra3 41. f4 Rc3 42. Rg5 Ra3 43. Kg2 Ra2+
44. Kf3 Ra3+ 45. Ke4 Ra4+ 46. Kf3 Ra3+ 47. Kg2 Ra2+ 48. Kh3 Ra3 49. Re5 Ra2
50. Re3 Kf5 51. Rc3 1/2-1/2

[Event "36th Olympiad"]
[Site "Calvia ESP"]
[Date "2004.10.26"]
[Round "11"]
[White "Ganguly,S"]
[Black "Zugic,I"]
[Result "1-0"]
[WhiteElo "2559"]
[BlackElo "2479"]
[EventDate "2004.10.15"]

1. e4 c5 2. Nf3 d6 3. d4 cxd4 4. Nxd4 Nf6 5. Nc3 Bd7 6. Bg5 e6 7. Ndb5 Bc6
8. Bxf6 gxf6 9. Qh5 a6 10. Nd4 Bd7 11. O-O-O Nc6 12. Nxc6 bxc6 13. h4 Qb6
14. Rh3 c5 15. Rf3 Be7 16. e5 dxe5 17. Rxd7 Kxd7 18. Qxf7 Ra7 19. Bc4 Kd8
20. Bxe6 c4 21. Bxc4 Rd7 22. Nd5 Qa5 23. b4 Qa4 24. Nb6 Qxb4 25. Nxd7 Kxd7
26. Rb3 1-0

[Event "36th Olympiad"]
[Site "Calvia ESP"]
[Date "2004.10.26"]
[Round "11"]
[White "Teplitsky,Y"]
[Black "Sandipan,C"]
[Result "0-1"]
[WhiteElo "2435"]
[BlackElo "2543"]
[EventDate "2004.10.15"]

1. d4 Nf6 2. c4 g6 3. Nc3 Bg7 4. e4 d6 5. Be2 O-O 6. Nf3 e5 7. O-O Nc6 8.
d5 Ne7 9. Ne1 Nd7 10. Be3 f5 11. f3 f4 12. Bf2 h5 13. a4 a5 14. Nd3 b6 15.
Nb5 Nc5 16. b4 axb4 17. Be1 g5 18. Bxb4 Ng6 19. a5 Nh4 20. axb6 Rxa1 21.
Qxa1 cxb6 22. Nxc5 dxc5 23. Bc3 Qf6 24. Qa7 g4 25. d6 gxf3 26. Bxf3 Be6 27.
Qxb6 Bxc4 28. Rf2 Qg6 29. Kh1 Nxf3 30. gxf3 Bxb5 31. Qxb5 Qxd6 32. Qc4+ Kh8
33. Rd2 Qb6 34. Rb2 Qc6 35. Qb5 Qc8 36. Rd2 Qh3 37. Qe2 Rb8 38. Qd1 Rb3 39.
Rg2 Qe6 40. Qd8+ Kh7 41. Qc7 Rb1+ 42. Rg1 Rxg1+ 43. Kxg1 c4 44. Kg2 h4 45.
Qd8 h3+ 46. Kf1 Kg6 47. Ke2 Bf6 48. Qb8 Kh7 49. Qc7+ Bg7 50. Qd8 Kg6 51.
Qh4 Qd7 52. Qg4+ Qxg4 53. fxg4 Kf6 54. Kf3 Bh6 55. g5+ Bxg5 56. Kg4 f3 57.
Kxf3 Bf4 58. Kg4 Bxh2 59. Kxh3 Bg1 60. Kg3 Bd4 61. Bb4 Bb2 0-1

[Event "36th Olympiad"]
[Site "Calvia ESP"]
[Date "2004.10.27"]
[Round "12"]
[White "Ganguly,S"]
[Black "Roiz,M"]
[Result "1/2-1/2"]
[WhiteElo "2559"]
[BlackElo "2560"]
[EventDate "2004.10.15"]

1. e4 c5 2. Nf3 d6 3. d4 cxd4 4. Nxd4 Nf6 5. Nc3 a6 6. Be2 e5 7. Nb3 Be7 8.
Bg5 O-O 9. Bxf6 Bxf6 10. Qd3 Be6 11. Nd5 Bg5 12. h4 Be7 13. O-O-O Bxd5 14.
Qxd5 Qb6 15. Bc4 Nd7 16. Rd2 Nf6 17. Qd3 a5 18. a3 Rfc8 19. Re2 Qc7 20. Nd2
a4 21. Kb1 Ra5 22. Ba2 Rc5 23. c3 Rd8 24. Qc2 b5 25. Rg1 Qc8 26. f3 d5 27.
exd5 Nxd5 28. Ne4 Rc7 29. Rd1 Rcd7 30. g3 g6 31. Qc1 Kg7 32. Red2 Nb6 33.
h5 Rxd2 34. Rxd2 f5 35. h6+ Kf8 36. Qf1 Nc4 37. Bxc4 bxc4 38. Rxd8+ Qxd8
39. Nf2 Qd5 40. Qe2 Bc5 41. g4 Bxf2 42. Qxf2 Qd1+ 43. Ka2 Qb3+ 1/2-1/2

[Event "36th Olympiad"]
[Site "Calvia ESP"]
[Date "2004.10.28"]
[Round "13"]
[White "Ganguly,S"]
[Black "Miton,K"]
[Result "1/2-1/2"]
[WhiteElo "2559"]
[BlackElo "2600"]
[EventDate "2004.10.15"]

1. e4 g6 2. d4 Bg7 3. Nc3 c6 4. Nf3 d6 5. Be3 Nf6 6. Qd2 b5 7. Bd3 Nbd7 8.
a4 b4 9. Ne2 a5 10. Bh6 Bxh6 11. Qxh6 e5 12. c3 bxc3 13. bxc3 Ng4 14. Qd2
O-O 15. Ng3 Re8 16. O-O Nf8 17. Rab1 Kg7 18. h3 Nf6 19. Rfe1 Qc7 20. Bc4
Ne6 21. Bxe6 Bxe6 22. Nh4 Ng8 23. f4 exf4 24. Qxf4 Rab8 25. Rxb8 Rxb8 26.
Rf1 Rb7 27. Nhf5+ Bxf5 28. exf5 d5 29. Qg5 h6 30. f6+ Kh7 31. Qe5 Qb8 32.
Kh2 h5 33. c4 dxc4 34. Ne4 Nh6 35. Nd6 Rd7 36. Nxf7 Qxe5+ 37. Nxe5 Rd8 38.
Nxc6 Ra8 39. Rc1 Kg8 40. Rxc4 Kf7 41. Ne5+ Kxf6 42. Rc6+ Kf5 43. Rxg6 Ng8
44. h4 Nf6 45. Rg5+ Kf4 46. Rg3 Ke4 47. Rf3 Ra6 48. Kh3 Kxd4 49. Rf5 Kc3
50. Rf3+ Kb4 51. Rf4+ Kb3 52. g4 hxg4+ 53. Nxg4 Nd5 54. Rf5 Ne7 55. Re5 Ng6
56. Re4 Nxh4 57. Kxh4 Rb6 58. Kg3 Rb4 59. Re5 Kxa4 60. Kf3 Rb5 61. Re8 Kb3
62. Re3+ Kb2 63. Ke4 1/2-1/2